00841nam a22002177a 450000500170000001000150001702000270003203500140005903700090007308200250008224501470010726000410025427000750029530000190037070000250038970000100041470000100042494200330043499900190046795201370048620250908123522.0 aENG-146673 c1280.00a9788197519086 aEN-130205 bDBAD a355.009540904522025 aThe Diplomatic Dimensions of Military HistorycIndian Armed Forces in France and Flanders during World Wars I and II/bEdited by; Anubhav Roy  aGuwahati bSubhralin Thakuria c2024 aKahilipara , Guwahati bGuwahatie781019mthakuria.subhralin@gmail.com a90p.c22cm(hb) 984860aRoy, Anubhav  984868 984869 2ddccENh355.0095409045mDIP c213381d213381 001040708NFICaMbMd2025-09-08eDBADg1280.00l0o355.0095409045 DIPpEN-130205r2025-09-08 00:00:00t1v1280.00w2025-09-08yEN